| 000 | 00396pab a2200145 454500 | ||
|---|---|---|---|
| 008 | 180718b1988 xxu||||| |||| 00| 0 eng d | ||
| 100 | _aMark, Shelley M. | ||
| 245 | _aPrice policy and pricing reform in China's economic modernisation | ||
| 260 | _c1988 | ||
| 300 | _a307-17 | ||
| 650 | _aPrice Policy - China | ||
| 700 | _aMao Yushi | ||
| 773 | _aJournal of Contemporary Asia | ||
| 909 | _a16093 | ||
| 999 |
_c16093 _d16093 |
||